000 00651nam a2200181Ia 4500
003 GCL
008 140319s9999 xx 000 0 ara d
040 _aGCL /
_cGCL
082 0 4 _a413.1
_bم د
100 1 _aمحمد عبدالرحيم
245 1 0 _aدليل الاسماء العربية ومعانيها :
_bاسماء الاناث والذكور ومعانيها /
_cمحمد عبدالرحيم
260 _aالقاهرة :
_bدار الراتب الجامعية
300 _a421 ص ؛
_c24 سم
650 0 4 _aاسماء الاشخاص
650 0 4 _aالاسماء العربية
650 0 4 _aالاسماء - معاجم
942 _2ddc
_cBK
999 _c5076
_d5076